[Event "Lagoas op 4th"]
[Site "Lagoas"]
[Date "2019.09.28"]
[Round "2"]
[White "Cristino, Felipe Borges"]
[Black "Maachar, Sami Hiedeo Akamine"]
[Result "1-0"]
[WhiteElo "1933"]
[BlackElo "1411"]
[PlyCount "73"]
[EventDate "2019.09.27"]
[EventType "swiss"]
[EventRounds "5"]
[EventCountry "BRA"]
[SourceTitle "EXT 2020"]
[Source "ChessBase"]
[SourceDate "2019.10.17"]
[SourceVersion "1"]
[SourceVersionDate "2019.10.17"]
[SourceQuality "1"]

1. c4 Nf6 2. g3 g6 3. Bg2 Bg7 4. Nc3 d6 5. e4 Nbd7 6. d3 0-0 7. Nge2 Re8 8. 0-0 a6 9. h3 Rb8 10. a4 Nf8 11. f4 e5 12. f5 Bd7 13. g4 Bc6 14. g5 N6d7 15. f6 Nxf6 16. gxf6 Bxf6 17. b4 Bd7 18. Nd5 Bg7 19. Ne3 Ne6 20. Ng4 h5 21. Nh6+ Bxh6 22. Bxh6 Ng5 23. h4 Nh3+ 24. Bxh3 Bxh3 25. Bg5 Qd7 26. Rf3 Bg4 27. Rf6 Re6 28. Qf1 Rxf6 29. Bxf6 Qe6 30. Bg5 b5 31. axb5 axb5 32. Nc3 bxc4 33. dxc4 Rxb4 34. Ra8+ Kg7 35. Nd5 Bh3 36. Qf6+ Qxf6 37. Bxf6+ 1-0

[Event "Ponta Pora-ch"]
[Site "Ponta Pora"]
[Date "2019.07.21"]
[Round "4"]
[White "Maachar, Sami Hiedeo Akamine"]
[Black "Muraoka, Karoline Aimy"]
[Result "1-0"]
[WhiteElo "1401"]
[BlackElo "1787"]
[PlyCount "95"]
[EventDate "2019.07.19"]
[EventType "swiss"]
[EventRounds "5"]
[EventCountry "BRA"]
[SourceTitle "EXT 2020"]
[Source "ChessBase"]
[SourceDate "2019.10.17"]
[SourceVersion "1"]
[SourceVersionDate "2019.10.17"]
[SourceQuality "1"]

1. e4 c5 2. Nf3 d6 3. d4 cxd4 4. Nxd4 Nf6 5. Nc3 a6 6. Bd3 e6 7. f3 b5 8. a3 Nbd7 9. Be3 Bb7 10. g4 Nb6 11. h4 Nfd7 12. Qd2 Rc8 13. 0-0-0 Nc4 14. Bxc4 Rxc4 15. Nb3 Be7 16. g5 0-0 17. Rdg1 Ne5 18. Qg2 Rxc3 19. bxc3 Qc7 20. Bd4 d5 21. Kb2 Nc4+ 22. Ka2 e5 23. Bf2 Na5 24. Be1 Nxb3 25. cxb3 Rc8 26. Bd2 Qc5 27. b4 Qc4+ 28. Kb2 dxe4 29. Qf1 Qc7 30. fxe4 Bxe4 31. Rh3 a5 32. Re3 axb4 33. axb4 Bxb4 34. Qc1 Ba3+ 35. Kxa3 Ra8+ 36. Kb2 Qc4 37. Qa1 Rxa1 38. Rxa1 f6 39. gxf6 gxf6 40. Rg3+ Kf7 41. Ra7+ Ke6 42. Ra6+ Ke7 43. Rg7+ Ke8 44. Raa7 Qd5 45. Be3 Bd3 46. Rge7+ Kf8 47. Bh6+ Kg8 48. Re8# 1-0

[Event "Ponta Pora-ch"]
[Site "Ponta Pora"]
[Date "2019.07.20"]
[Round "2"]
[White "Maachar, Sami Hiedeo Akamine"]
[Black "Andrade, Guilherme A de Sou"]
[Result "1/2-1/2"]
[WhiteElo "1401"]
[BlackElo "1867"]
[PlyCount "81"]
[EventDate "2019.07.19"]
[EventType "swiss"]
[EventRounds "5"]
[EventCountry "BRA"]
[SourceTitle "EXT 2020"]
[Source "ChessBase"]
[SourceDate "2019.10.17"]
[SourceVersion "1"]
[SourceVersionDate "2019.10.17"]
[SourceQuality "1"]

1. d4 Nf6 2. c4 g6 3. Nc3 d5 4. cxd5 Nxd5 5. e4 Nxc3 6. bxc3 Bg7 7. Nf3 0-0 8. Bf4 Bg4 9. Qd2 Bxf3 10. gxf3 c5 11. d5 Qa5 12. Rc1 Nd7 13. c4 Qa3 14. Be2 Ne5 15. Qc3 Qxc3+ 16. Rxc3 b6 17. 0-0 Nc6 18. Rcc1 Nd4 19. Rfe1 Rad8 20. Kg2 h5 21. Bd3 Kh7 22. Rcd1 Rd7 23. a4 Nb3 24. Rb1 Bc3 25. Red1 Na5 26. Bd2 Bxd2 27. Rxd2 Kg7 28. Rdd1 g5 29. Rg1 Rg8 30. Kh1 Kf8 31. Rg2 f6 32. Be2 Kg7 33. h4 Kh6 34. Rbg1 Nb3 35. f4 g4 36. f3 Nd4 37. fxg4 Nxe2 38. Rxe2 hxg4 39. Kh2 Rdd8 40. Kg3 Kh5 41. f5 1/2-1/2

[Event "BRA-ch Amateur U1600"]
[Site "Sao Paulo"]
[Date "2019.06.21"]
[Round "4"]
[White "Maachar, Sami Hiedeo Akamine"]
[Black "Salama, Henrique Eric"]
[Result "1/2-1/2"]
[WhiteElo "1411"]
[BlackElo "1598"]
[PlyCount "46"]
[EventDate "2019.06.20"]
[EventType "swiss"]
[EventRounds "7"]
[EventCountry "BRA"]
[SourceTitle "CBM 195 Extra"]
[Source "ChessBase"]
[SourceDate "2020.05.31"]
[SourceVersion "1"]
[SourceVersionDate "2020.05.31"]
[SourceQuality "1"]

1. e4 c5 2. Nf3 e6 3. d4 cxd4 4. Nxd4 a6 5. Nc3 g6 6. Be2 Bg7 7. Be3 Qc7 8. Qd2 Nf6 9. f3 0-0 10. Bh6 Rd8 11. Bxg7 Kxg7 12. 0-0-0 b5 13. a3 Bb7 14. g4 h6 15. Qe3 g5 16. h4 Qf4 17. Qxf4 gxf4 18. Rhe1 Nc6 19. Nb3 Ne5 20. Na5 Bc6 21. Nxc6 dxc6 22. Rg1 Rg8 23. Na2 c5 1/2-1/2

[Event "Campo Grande op"]
[Site "Campo Grande"]
[Date "2019.03.31"]
[Round "5"]
[White "Maachar, Sami Hiedeo Akamine"]
[Black "Da Silva, Ronivan Sousa"]
[Result "1-0"]
[WhiteElo "1356"]
[BlackElo "1501"]
[PlyCount "48"]
[EventDate "2019.03.29"]
[EventType "swiss"]
[EventRounds "5"]
[EventCountry "BRA"]
[SourceTitle "CBM 190 Extra"]
[Source "ChessBase"]
[SourceDate "2019.07.15"]
[SourceVersion "1"]
[SourceVersionDate "2019.07.15"]
[SourceQuality "1"]

1. e4 c5 2. Nf3 Nc6 3. c4 g6 4. d4 cxd4 5. Nxd4 Nf6 6. Nc3 e5 7. Nf3 d6 8. Be2 a6 9. h3 Be6 10. Be3 Qc7 11. 0-0 Nd7 12. Ng5 Bg7 13. Nxe6 fxe6 14. b3 Nf6 15. Qd2 0-0 16. Rad1 Rad8 17. Qc2 Nd4 18. Bxd4 exd4 19. Rxd4 Nd5 20. Nxd5 exd5 21. Rxd5 b5 22. Rfd1 Be5 23. Qd3 bxc4 24. Qxc4 Qb6 1-0

[Event "Sao Paulo op-C U1700 7th"]
[Site "Sao Paulo"]
[Date "2018.04.01"]
[Round "5"]
[White "Mariani, Vitor Caramico Stef"]
[Black "Maachar, Sami Hiedeo Akamine"]
[Result "0-1"]
[WhiteElo "1729"]
[BlackElo "1784"]
[PlyCount "124"]
[EventDate "2018.03.30"]
[EventType "swiss"]
[EventRounds "6"]
[EventCountry "BRA"]
[SourceTitle "EXT 2021"]
[Source "ChessBase"]
[SourceDate "2020.10.23"]
[SourceVersion "1"]
[SourceVersionDate "2020.10.23"]
[SourceQuality "1"]

1. d4 Nf6 2. Nf3 e6 3. Bf4 d5 4. e3 Be7 5. Bd3 0-0 6. 0-0 Nbd7 7. c3 a6 8. Nbd2 c5 9. Ne5 Nxe5 10. Bxe5 c4 11. Bc2 Bd6 12. Nf3 Bxe5 13. Nxe5 Nd7 14. Nxd7 Qxd7 15. b3 b5 16. bxc4 bxc4 17. Rb1 Bb7 18. Re1 Rab8 19. e4 dxe4 20. Bxe4 Bxe4 21. Rxe4 Rxb1 22. Qxb1 Qb5 23. Qc2 Rb8 24. h3 g6 25. Re2 Qb1+ 26. Qxb1 Rxb1+ 27. Kh2 Rc1 28. Re5 Rxc3 29. Rc5 Ra3 30. Rxc4 Rxa2 31. Rc8+ Kg7 32. Ra8 Rd2 33. Rxa6 Rxd4 34. Ra2 h5 35. Re2 Rd8 36. h4 Re8 37. f4 f6 38. Kg3 e5 39. fxe5 Rxe5 40. Rxe5 fxe5 41. Kf3 Kf6 42. Ke4 Ke6 43. g3 Kf6 44. Kf3 Kf5 45. Ke3 Kg4 46. Kf2 e4 47. Ke3 Kxg3 48. Kxe4 Kxh4 49. Kf3 g5 50. Kg2 g4 51. Kh2 Kg5 52. Kg2 h4 53. Kh2 g3+ 54. Kg2 Kf4 55. Kh1 Kf3 56. Kg1 g2 57. Kh2 Kf2 58. Kh3 g1Q 59. Kxh4 Kf3 60. Kh5 Kf4 61. Kh6 Kf5 62. Kh7 Kf6 0-1

[Event "Sao Paulo op-C U1700 7th"]
[Site "Sao Paulo"]
[Date "2018.04.01"]
[Round "6"]
[White "Parreira, Jose Rodrigo"]
[Black "Maachar, Sami Hiedeo Akamine"]
[Result "1/2-1/2"]
[WhiteElo "1109"]
[BlackElo "1784"]
[PlyCount "86"]
[EventDate "2018.03.30"]
[EventType "swiss"]
[EventRounds "6"]
[EventCountry "BRA"]
[SourceTitle "EXT 2021"]
[Source "ChessBase"]
[SourceDate "2020.10.23"]
[SourceVersion "1"]
[SourceVersionDate "2020.10.23"]
[SourceQuality "1"]

1. d4 Nf6 2. Nf3 e6 3. Bf4 d5 4. e3 Nbd7 5. h3 Be7 6. Bd3 0-0 7. c3 a6 8. Qc2 h6 9. Nbd2 c5 10. g4 c4 11. Be2 b5 12. a3 Bb7 13. g5 hxg5 14. Bxg5 Nh7 15. Bf4 Ndf6 16. Rg1 g6 17. Ne5 Qe8 18. Nxg6 fxg6 19. Rxg6+ Kh8 20. Be5 Rg8 21. Rh6 Qf7 22. Bh5 Qg7 23. Rg6 Qf7 24. Rxg8+ Qxg8 25. 0-0-0 Qg7 26. Nf3 Qh6 27. Bg6 Ng5 28. Nxg5 Qxg5 29. Bf7 Bc8 30. f4 Qg3 31. Qg6 Qxg6 32. Bxg6 Bd7 33. h4 Kg7 34. Rg1 Kh6 35. Bf7 Kh7 36. Rg6 Be8 37. Bxe8 Nxe8 38. Rxe6 Ra7 39. h5 Ng7 40. Bxg7 Kxg7 41. Rg6+ Kf7 42. Rh6 a5 43. f5 Bf6 1/2-1/2

[Event "Sao Paulo op-C U1700 7th"]
[Site "Sao Paulo"]
[Date "2018.03.31"]
[Round "3"]
[White "Hayashi, Kouki"]
[Black "Maachar, Sami Hiedeo Akamine"]
[Result "1-0"]
[WhiteElo "1282"]
[BlackElo "1784"]
[PlyCount "55"]
[EventDate "2018.03.30"]
[EventType "swiss"]
[EventRounds "6"]
[EventCountry "BRA"]
[SourceTitle "EXT 2021"]
[Source "ChessBase"]
[SourceDate "2020.10.23"]
[SourceVersion "1"]
[SourceVersionDate "2020.10.23"]
[SourceQuality "1"]

1. d4 Nf6 2. c4 e6 3. Nc3 d5 4. Nf3 a6 5. Bg5 Nbd7 6. e3 dxc4 7. Bxc4 b5 8. Be2 Bb7 9. 0-0 Be7 10. Rc1 0-0 11. a3 c5 12. dxc5 Bxc5 13. Bd3 Be7 14. Qc2 Rc8 15. Rfd1 Re8 16. Bxf6 Bxf6 17. Bxh7+ Kh8 18. Be4 Bxe4 19. Qxe4 Qe7 20. Qb7 Nc5 21. Qxe7 Rxe7 22. Ne4 Bxb2 23. Rxc5 Rxc5 24. Nxc5 a5 25. a4 b4 26. Nb3 Rc7 27. Nxa5 Rc3 28. Ng5 1-0

[Event "Corumba Rodrigues de Souza Memorial 1st"]
[Site "Corumba"]
[Date "2017.12.02"]
[Round "2.2"]
[White "Jabour, Rodrigo Vila"]
[Black "Maachar, Sami Hiedeo Akamine"]
[Result "0-1"]
[WhiteElo "1689"]
[BlackElo "1778"]
[PlyCount "106"]
[EventDate "2017.12.01"]
[EventType "tourn"]
[EventRounds "5"]
[EventCountry "BRA"]
[SourceTitle "EXT 2022"]
[Source "ChessBase"]
[SourceDate "2021.10.06"]
[SourceVersion "1"]
[SourceVersionDate "2021.10.06"]
[SourceQuality "1"]

1. d4 d5 2. c4 Nf6 3. Nc3 e6 4. Bg5 Be7 5. Nf3 0-0 6. cxd5 exd5 7. e3 h6 8. Bh4 a6 9. h3 b5 10. a3 Nbd7 11. Bd3 Bb7 12. 0-0 c5 13. dxc5 Bxc5 14. b4 Ba7 15. Qb3 Nb6 16. Rfd1 Qd6 17. Bg3 Qd7 18. Qb1 Rad8 19. Bf5 Qe7 20. Nd4 Nc4 21. Qc2 Rfe8 22. Nce2 Kh8 23. Qb3 Nh5 24. Bh2 Nd6 25. Bg4 Nf6 26. Bf3 Nc4 27. Nf5 Qd7 28. Ned4 Ne5 29. Be2 Nc4 30. Bxc4 dxc4 31. Qb2 Bxd4 32. Nxd4 Qd5 33. f3 Rd7 34. Bg3 Rxe3 35. Bf2 Re8 36. Qc2 Qd6 37. Nf5 Qe6 38. Re1 Qd5 39. Rxe8+ Nxe8 40. Re1 Rd8 41. Qc3 Qxf5 42. Rxe8+ Rxe8 43. Bd4 Kg8 44. Bxg7 Qb1+ 45. Kh2 Qd3 46. Qf6 Qg6 47. Qxg6 fxg6 48. Bxh6 c3 49. h4 c2 50. Kg3 Re1 51. Kf2 c1Q 52. Bxc1 Rxc1 53. h5 gxh5 0-1